LEADER 03263oam 2200517 450 001 9910483314303321 005 20210416123857.0 010 $a3-030-54391-9 024 7 $a10.1007/978-3-030-54391-4 035 $a(CKB)4100000011513458 035 $a(DE-He213)978-3-030-54391-4 035 $a(MiAaPQ)EBC6381389 035 $a(PPN)269151346 035 $a(EXLCZ)994100000011513458 100 $a20210416d2021 uy 0 101 0 $aeng 135 $aurnn|008mamaa 181 $ctxt$2rdacontent 182 $cc$2rdamedia 183 $acr$2rdacarrier 200 04$aThe spectrum of neuroendocrine neoplasia $ea practical approach to diagnosis, classification and therapy /$fedited by Sylvia L. Asa, Stefano La Rosa, Ozgur 205 $a1st ed. 2021. 210 1$aCham, Switzerland :$cSpringer,$d[2021] 210 4$d©2021 215 $a1 online resource (XI, 478 p.) 300 $aIncludes index. 311 $a3-030-54390-0 327 $aHistorical Background and Terminologies -- Clinical, Radiological and Biochemical Diagnosis of NENs -- Pituitary NENs -- NENs of the upper respiratory tract -- Thyroid NENs -- Parathyroid NENs -- Thoracic NENs (Lung/thymus) -- NENs of the tubular gut -- Pancreatic NENs -- Paragangliomas and tumors of the Adrenal Medulla -- Breast NENs -- Genitourinary NENs -- Skin NENs -- Metastatic NENs of unknown primary -- Cytology of NENs: Bongiovanni, Schmitt (Bern) -- Inherited NEN syndromes -- Management of the NEN patient. 330 $aNeuroendocrine neoplasms comprise a large family of proliferative lesions that involve almost every part of the body. Our understanding of their cells of origin as well as the pathology, pathophysiology and genetics of these neoplasms has made tremendous advances in the last few decades. While they are often discussed as separate entities in textbooks of gastroenteropancreatic pathology and pulmonary pathology, their scope is much broader. The book conveys the similarities and differences of these fascinating tumors that may be found from the hypothalamus and pituitary to the rectum, and in soft tissue as well as in many organs. Written by experts in the field, the authors emphasize their structural, functional, predictive and prognostic features and attempt to provide the clinical context that allows improved diagnosis and therapy while building on the genetics that clarifies patterns of inheritance and predisposition to tumor development through precursor lesions. The Spectrum of Neuroendocrine Neoplasia provides a broad overview of neuroendocrine neoplasms using a practical approach to diagnosis, histological classification and therapy, and presents the most important and significant developments of the technologies used to diagnose, classify and treat them. 606 $aEndocrinology 606 $aOncology 606 $aPathology 615 0$aEndocrinology. 615 0$aOncology. 615 0$aPathology. 676 $a016.6151 702 $aLa Rosa$b Stefano 702 $aAsa$b Sylvia L. 702 $aMete$b Ozgur 801 0$bMiAaPQ 801 1$bMiAaPQ 801 2$bUtOrBLW 906 $aBOOK 912 $a9910483314303321 996 $aThe spectrum of neuroendocrine neoplasia$92571676 997 $aUNINA LEADER 02836nam 22005415 450 001 996309069403316 005 20240404174301.0 010 $a3-11-044659-6 024 7 $a10.1515/9783110446593 035 $a(CKB)4100000008962989 035 $a(DE-B1597)456798 035 $a(OCoLC)1110715954 035 $a(DE-B1597)9783110446593 035 $aEBL7015195 035 $a(AU-PeEL)EBL7015195 035 $a(oapen)https://directory.doabooks.org/handle/20.500.12854/44887 035 $a(MiAaPQ)EBC7015195 035 $a(EXLCZ)994100000008962989 100 $a20190723d2019 fg 101 0 $ager 135 $aur||#|||||||| 181 $ctxt$2rdacontent 182 $cc$2rdamedia 183 $acr$2rdacarrier 200 00$aDeutsche Juden und die Moderne /$fShulamit Volkov 210 $cDe Gruyter$d1994 210 1$aMünchen ;$aWien :$cDe Gruyter Oldenbourg,$d[2019] 210 4$d©1994 215 $a1 online resource (194 p.) 225 0 $aSchriften des Historischen Kollegs ;$v25 300 $aDescription based upon print version of record. 311 $a3-486-56029-8 327 $tFrontmatter --$tInhalt --$tZur Einführung /$rVolkov, Sbulamit --$tVerzeichnis der Tagungsteilnehmer --$tReform und Geschichte: Die Modernisierung des deutschen Judentums /$rFunkenstein, Amos --$tJuden und Katholiken: Deutsch-jüdische Kultur im Vergleich 1750-1850 /$rSorkin, David --$tWhy Music? Jews and the Commitment to Modernity /$rKatz, Ruth --$tSchrittmacher der Moderne? Der Beitrag des Judentums zum deutschen Theater zwischen 1848 und 1933 /$rBayerdörfer, Hans-Peter --$tWomen and the Shaping of Modern Jewish Identity in Imperial Germany /$rKaplan, Marion A. --$tDie Innenwelt der Außenwelt. Modernitätserfahrungen von Frauen zwischen Gleichheit und Differenz /$rFrevert, Ute --$tDie westfälischen Juden im Modernisierungsprozeß /$rHerzig, Arno --$tAmerikawanderung, Sozialprofil und Identitätsproblematik der deutschen Juden 1830-1914 /$rBarkai, Avraham --$tWilna und die Entstehung eines ostjüdischen Sozialismus 1870-1900 /$rSchramm, Gottfried --$tDivision and Cohesion in the Process of Modernization: A Comparison of the Jewish Communities of Vienna and Warsaw during the 1920s /$rZuckerman, Alan S. --$tPersonenregister --$tBackmatter 410 0$aSchriften des Historischen Kollegs 606 $aHISTORY / General$2bisacsh 607 $aGermany$xEthnic relations$vCongresses 615 7$aHISTORY / General. 676 $a943/.004924 700 $aVolkov$b Shulamit$4auth$0252337 701 $aMüller-Luckner$b Elisabeth$0330817 702 $aVolkov$b Shulamit 712 02$aHistorisches Kolleg (Munich, Germany) 801 0$bDE-B1597 801 1$bDE-B1597 906 $aBOOK 912 $a996309069403316 996 $aDeutsche Juden und die Moderne$93561416 997 $aUNISA